Представление документа в формате RUSMARC

ПолеНазваниеЗначение
  Тип записи a
  Библиографический уровень a
001 Контрольный номер RU/CBS_UL/BASE/572801202
005 Дата корректировки 20240209175222.0
100 Данные общей обработки __
a Данные общей обработки 20180224d2018 ||| 0rusy0189 ca
101 Язык документа 0_
a Язык текста rus
102 Страна публикации __
a Страна публикации RU
105 Кодированные данные (монография) __
a Кодированные данные (монография) y###||||000|y
200 Заглавие и сведения об ответственности 1_
a Заглавие "Власть нас забыла, а бог поцеловал..."
b Общее обозначение материала Текст
e Сведения, относящиеся к заглавию [об историческом и культурном наследии городского поселения Чердынь]
f Первые сведения об ответственности И. Суворова
g Последующие сведения об ответственности фот. И. Суворова
300 Общие примечания __
a Общие примечания Ограничения по возрасту - 12+
461 Уровень набора _0
1 2000
a Родина
463 Уровень физической единицы _0
1 001RU/CBS_Ul/BASE/545333128
1 2000
a № 4
v С. 84-85 : фото
1 210
d 2017
606 Тематические рубрики 0_
a Основная рубрика Города России - История - Чердынь, город (Пермская область)
y Географическая подрубрика Чердынь, город (Пермская область)
610 Ключевые слова 0_
a Ключевые слова города
a Ключевые слова города российские
a Ключевые слова городские поселения
a Ключевые слова история городов
a Ключевые слова наследие историческое
a Ключевые слова наследие культурное
a Ключевые слова места заповедные
a Ключевые слова повседневная жизнь
686 Индексы других классификаций __
a Классификационный индекс 63.3(2Рос-2)
2 Код системы ББК
700 Автор _1
a Фамилия Суворова
b Имя (инициалы) И.
801 Источник записи _0
a Страна RU
b Организация МБУК ЦБС г. Ульяновска
c Дата составления 20180224
g Правила каталогизации RCR
801 Источник записи _1
a Страна RU
b Организация МБУК ЦБС г. Ульяновска
c Дата составления 20180224
g Правила каталогизации RCR
901 Тип документа __
t Тип документа b
w Контрольный № источника RU/CBS_Ul/BASE/545333128
910 Корректоры записи __
a Корректор записи Библиотека 1
938 Служебная информация __
a Имя БД period